| 000 | 00524nam a2200169 i 4500 | ||
|---|---|---|---|
| 001 | 29229 | ||
| 003 | ES-MaACL | ||
| 005 | 20230906154008.0 | ||
| 007 | t| | ||
| 008 | 030121s1945 sp ||||1| spa d | ||
| 100 | 1 |
_aBallbé, Manuel. _924984 |
|
| 245 | 1 | 0 |
_aConcepto del dominio público / _cManuel Ballbe. |
| 260 |
_aBarcelona : _bBosch, _c1945 ( _fC. Casacuberta) |
||
| 300 |
_a55 p. ; _c24 cm. |
||
| 500 | _aEs separata de: Revista Jurídica de Cataluña (nº 5, noviembre 1945) | ||
| 852 |
_aES-MaACL _j1971-F-1 _bR.37028 |
||
| 999 |
_c29229 _d29229 |
||